• 首页
  • 本馆介绍
  • 公告通知
  • 最新文献
  • 馆藏检索
  • 电子资源
  • 读者导购
  • 参考咨询
  • 我的图书馆
  • 登录
  • 详细信息显示
  • 放入我的书架
  • 预约/预借图书
  • 作者相关作品
  • 分类相关作品
  • 丛书相关作品
  • 出版社相关作品

书目信息

  • 表格格式
  • 工作单格式
  • 卡片格式
题名:
马克思恩格斯全集目录
    
 
作者: ;人民出版社 编
分册: 第一至三十九卷  
出版信息: 北京   人民出版社  1976
页数: 733页
开本: 19cm
丛书名:
单 册:
中图分类: A813
科图分类:
主题词: 马恩著作--图书目录 , 马恩著作--索引
电子资源:
ISBN:
000 00701nam0 2200241 45
001 0176000301
005 20050517163940.1
010    @b精装@dCNY2.20
091    @a17001.40
100    @a19950627d1976 em y0chiy0121 ea
101 0  @achi
102    @aCN@b110000
105    @ay b 000yy
200 10 @a马克思恩格斯全集目录@Ama ke si en ge si quan ji mu lu@h第一至三十九卷@f人民出版社编@FRen Min Chu Ban She Bian
210    @a北京@c人民出版社@d1976
215    @a733页@d19cm
606    @a马恩著作@x图书目录
606    @a马恩著作@x索引
690    @aA813@v3
711 02 @a人民出版社@4编
801  0 @aCN@b广东省中山图书馆@c20050517
801  2 @aCN@bNLC@c20050517
905    @f1@b122434@dA813@e59:(1-39)
    
    马克思恩格斯全集目录.第一至三十九卷/人民出版社编.-北京:人民出版社,1976
    733页;19cm
    
    
    ISBN (精装):CNY2.20
    
●
相关链接 在E读中查询图书 在五车中查询图书 在当当中查询图书 在豆瓣中查询图书


正题名:马克思恩格斯全集目录     索取号:A813/59:(1-39)         预约/预借

序号 登录号 条形码 馆藏地/架位号 状态 备注
1 0122434   002047225   第一样本阅览室/ [索取号:A813/59:(1-39)] 在馆    
唐山师范学院图书馆 欢迎您!
大连网信软件有限公司© 版权所有